000 00585nam a2200181Ia 4500
003 GCL
008 140319s9999 xx 000 0 ara d
040 _aGCL /
_cGCL
082 0 4 _a810.8008
_bف ا
100 1 _aفوزى محمد امين
245 1 0 _aادب العصر المملوكى الاول: قضايا المجتمع والفن /
_cفوزى محمد امين
300 _a491 ص
490 _aكتاب
_v0
650 0 4 _aالشعر العربى
650 0 4 _aالعصر المملوكى
650 0 4 _aالشعر العربى - دواوين وقصائد
942 _2ddc
_cBK
999 _c41245
_d41245